[Event "BL 9091 München 36-Dortmund"]
[Site "?"]
[Date "1991.??.??"]
[Round "?.6"]
[White "Bastian, H."]
[Black "Thesing, M."]
[Result "0-1"]
[WhiteElo "2335"]
[BlackElo "2405"]
[PlyCount "104"]
[EventDate "1991.??.??"]

1. e4 c5 2. Nc3 a6 3. g3 b5 4. a3 Bb7 5. Bg2 Nf6 6. Nge2 e6 7. d3 d5 8. exd5
Nxd5 9. Ne4 Qd7 10. O-O Be7 11. d4 c4 12. Nf4 O-O 13. Re1 Rd8 14. c3 Bc6 15. h4
Qb7 16. Qe2 Nd7 17. Nh3 N7f6 18. Nhg5 Nxe4 19. Bxe4 Nf6 20. Bc2 Bd5 21. f3 Qc7
22. Bf4 Bd6 23. Be5 h6 24. Nh3 Nd7 25. f4 Qc6 26. Bxd6 Qxd6 27. Nf2 Nf6 28. Ne4
Nxe4 29. Bxe4 Qc6 30. Bc2 a5 31. Kh2 b4 32. f5 b3 33. Bb1 Bf3 34. Qe3 Re8 35.
Rf1 Bg4 36. f6 e5 37. Be4 exd4 38. Bxc6 dxe3 39. Bxa8 e2 40. Rfe1 Rxa8 41. Kg2
gxf6 42. Kf2 Re8 43. Rh1 Rd8 44. Rae1 Rd2 45. Rb1 h5 46. Ke3 Rd3+ 47. Kf2 Kg7
48. Rbe1 Rd2 49. Ke3 Rxb2 50. Kd4 Rd2+ 51. Kxc4 b2 52. Kb3 Bf5 0-1

[Event "BL 9091 München 36-Dortmund"]
[Site "?"]
[Date "1991.??.??"]
[Round "?.7"]
[White "Stein, B."]
[Black "Roese, O."]
[Result "0-1"]
[WhiteElo "2370"]
[BlackElo "2385"]
[PlyCount "104"]
[EventDate "1991.??.??"]

1. e4 c5 2. c3 d5 3. exd5 Qxd5 4. d4 Nf6 5. Nf3 e6 6. Be2 Be7 7. O-O cxd4 8.
Qxd4 Nc6 9. Qxd5 Nxd5 10. c4 Ndb4 11. Nc3 e5 12. Nd5 Bd6 13. Nxb4 Bxb4 14. Rd1
Be7 15. a3 a5 16. Rd5 Be6 17. Rb5 e4 18. Ng5 Nd4 19. Nxe6 fxe6 20. Be3 Nxb5 21.
cxb5 Kf7 22. f3 Rac8 23. b4 axb4 24. axb4 Ra8 25. Rf1 Bf6 26. fxe4 Ra1 27. Rxa1
Bxa1 28. e5 Rd8 29. Bf3 Bd4 30. Bxd4 Rxd4 31. Bxb7 Rxb4 32. Bc6 Rb2 33. h3 Kg6
34. Be4+ Kg5 35. Bxh7 Rxb5 36. Bd3 Rxe5 37. Kf2 Ra5 38. g3 Ra2+ 39. Kf3 Kf6 40.
h4 Rh2 41. Bf1 Ke5 42. Bg2 Kd4 43. Kf2 e5 44. Kg1 Rxg2+ 45. Kxg2 Kd3 46. Kf2 e4
47. Ke1 Ke3 48. g4 Kf3 49. g5 Kg4 50. g6 Kxh4 51. Ke2 Kg5 52. Ke3 Kf5 0-1

[Event "BL 9091 München 36-Dortmund"]
[Site "?"]
[Date "1991.??.??"]
[Round "?.8"]
[White "Reich, T."]
[Black "Buecker, S."]
[Result "1/2-1/2"]
[WhiteElo "2410"]
[BlackElo "2345"]
[PlyCount "55"]
[EventDate "1991.??.??"]

1. c4 f5 2. Nc3 Nf6 3. Nf3 d6 4. g3 g6 5. Bg2 Bg7 6. O-O O-O 7. d3 Nc6 8. Bd2
h6 9. Rb1 e5 10. b4 Qe8 11. Ne1 Be6 12. b5 Nd8 13. Nc2 c6 14. Nb4 Bd7 15. a4
Ne6 16. a5 Rb8 17. a6 c5 18. Nbd5 b6 19. Nxf6+ Rxf6 20. Nd5 Rf7 21. e3 Kh7 22.
Qc2 Rc8 23. Rbe1 Nc7 24. e4 Nxd5 25. exd5 Qh8 26. Qd1 Re8 27. Kh1 Ree7 28. Kg1
1/2-1/2

[Event "BL 9091 Solingen-München 36"]
[Site "?"]
[Date "1991.??.??"]
[Round "?.1"]
[White "Smejkal, J."]
[Black "Chandler, M."]
[Result "0-1"]
[WhiteElo "2535"]
[BlackElo "2575"]
[PlyCount "136"]
[EventDate "1991.??.??"]

1. c4 c5 2. Nf3 Nc6 3. d4 cxd4 4. Nxd4 e6 5. Nc3 Nf6 6. a3 Bc5 7. Nb3 Be7 8. e4
O-O 9. Be2 b6 10. O-O Ba6 11. f4 d6 12. Be3 Rc8 13. Rc1 Re8 14. Kh1 Bf8 15. Qe1
Nb8 16. Nd2 Nbd7 17. Qg3 Qc7 18. Rce1 Qb8 19. Qh4 Be7 20. Qh3 Bb7 21. Bd3 g6
22. Bb1 a6 23. Bf2 Nh5 24. Bh4 Bf8 25. Bd3 Bh6 26. Bg5 Bxg5 27. fxg5 Rc5 28.
Qe3 Qd8 29. Nf3 Ne5 30. b4 Rc8 31. Nxe5 dxe5 32. Ne2 Re7 33. Rc1 Rd7 34. Rc3
Rc6 35. c5 bxc5 36. bxc5 Qa5 37. Rfc1 Ba8 38. h3 Rc8 39. Kh2 Bc6 40. Rb3 Rcd8
41. Bc4 Rb7 42. Rb6 Rxb6 43. cxb6 Rd6 44. Rf1 Rd7 45. Qb3 Ng7 46. Nc3 Rb7 47.
Rb1 Kf8 48. Qb4+ Qxb4 49. Rxb4 a5 50. Rb2 Ke7 51. Ba6 Rb8 52. b7 Kd6 53. Nb5+
Kc5 54. Nc3 Ne8 55. Bb5 Bxb5 56. Rxb5+ Kc4 57. Rxa5 Kxc3 58. Ra8 Rxb7 59. Rxe8
Kd4 60. Rh8 Kxe4 61. Rxh7 Kf4 62. h4 e4 63. Kg1 e3 64. Kf1 Ke4 65. Rh8 Rb1+ 66.
Ke2 Rb2+ 67. Ke1 Rxg2 68. Rf8 f5 0-1

[Event "BL 9091 Solingen-München 36"]
[Site "?"]
[Date "1991.??.??"]
[Round "?.2"]
[White "Lau, R."]
[Black "Ftacnik, L."]
[Result "1-0"]
[WhiteElo "2485"]
[BlackElo "2590"]
[PlyCount "79"]
[EventDate "1991.??.??"]

1. e4 c5 2. Nf3 d6 3. d4 cxd4 4. Nxd4 Nf6 5. Nc3 a6 6. f4 Qc7 7. a4 Nc6 8. Be2
e6 9. Be3 Be7 10. O-O O-O 11. Kh1 Re8 12. Bf3 Rb8 13. Qd2 Bd7 14. Qf2 e5 15.
Nde2 exf4 16. Nxf4 Be6 17. Be2 Ne5 18. Nxe6 fxe6 19. Qg3 Qc6 20. Bd3 Rf8 21.
Qh3 Qd7 22. Be2 Rbe8 23. Rad1 Bd8 24. a5 Qc6 25. Rd4 d5 26. exd5 exd5 27. Bg1
Be7 28. Nxd5 Qxc2 29. Nxe7+ Rxe7 30. Qa3 Rfe8 31. Bd1 Qc7 32. Qg3 Kh8 33. Ba4
Rf8 34. b4 Qc8 35. Rfd1 Nc6 36. Rf4 Rfe8 37. Qf3 Ne5 38. Qf1 Rf8 39. Bc5 Ng6
40. Bxe7 1-0

[Event "BL 9091 Solingen-München 36"]
[Site "?"]
[Date "1991.??.??"]
[Round "?.3"]
[White "Espig, L."]
[Black "Mohr, S."]
[Result "1/2-1/2"]
[WhiteElo "2440"]
[BlackElo "2430"]
[PlyCount "62"]
[EventDate "1991.??.??"]

1. d4 Nf6 2. g3 g6 3. Bg2 d5 4. Nf3 Bg7 5. O-O O-O 6. c4 dxc4 7. Na3 c3 8. bxc3
c5 9. Nc4 Nc6 10. Ba3 Be6 11. Nce5 Nxe5 12. Nxe5 Nd5 13. Bxc5 Rc8 14. c4 Nc3
15. Qc2 Bxe5 16. Qxc3 Rxc5 17. dxe5 Qc7 18. Qe3 Qxe5 19. Qxe5 Rxe5 20. Bxb7 Rb8
21. Bd5 Bxd5 22. cxd5 Rxe2 23. a4 Rbb2 24. Rae1 Rxe1 25. Rxe1 Rb7 26. Rc1 Rd7
27. Rc5 Kg7 28. f4 Kf6 29. Kg2 Rb7 30. Ra5 h6 31. Kf3 Rb3+ 1/2-1/2

[Event "BL 9091 Solingen-München 36"]
[Site "?"]
[Date "1991.??.??"]
[Round "?.4"]
[White "Reeh, O."]
[Black "Gruenberg, HU."]
[Result "1/2-1/2"]
[WhiteElo "2470"]
[BlackElo "2485"]
[PlyCount "117"]
[EventDate "1991.??.??"]

1. e4 c5 2. Nf3 d6 3. d4 cxd4 4. Nxd4 Nf6 5. Nc3 a6 6. f4 e6 7. Nf3 Be7 8. Bd3
Nc6 9. O-O O-O 10. Kh1 Qc7 11. Qe1 Nd7 12. Qg3 Nc5 13. e5 Nxd3 14. cxd3 f5 15.
Be3 dxe5 16. fxe5 Nb4 17. Rad1 Qd7 18. Nd4 Kh8 19. a3 Nd5 20. Nxd5 Qxd5 21. Ne2
Bd7 22. d4 Bc6 23. Nf4 Qd7 24. h4 Bd5 25. h5 Rfc8 26. Rc1 a5 27. Rxc8+ Rxc8 28.
Rc1 Rxc1+ 29. Bxc1 Bf8 30. Ng6+ Kg8 31. Nxf8 Kxf8 32. h6 Qf7 33. Qxg7+ Qxg7 34.
hxg7+ Kxg7 35. Kh2 Kf7 36. Kg3 Ke7 37. Bd2 b6 38. Kf2 Kd7 39. g3 Kc6 40. Bg5
Kb5 41. Bd8 a4 42. Ke3 Kc6 43. Kf4 b5 44. Be7 Bb3 45. Bf8 Kd5 46. Bc5 Kc4 47.
Ke3 Bc2 48. Bb4 Bd1 49. Bd6 Bh5 50. Bb4 Be8 51. Bd6 Bc6 52. Bb4 Bd5 53. Bd6 Kb3
54. Bb4 Kxb2 55. Bd6 Kc3 56. Bb4+ Kc4 57. Bd6 Bg2 58. Bb4 Kd5 59. Be7 1/2-1/2

[Event "BL 9091 Solingen-München 36"]
[Site "?"]
[Date "1991.??.??"]
[Round "?.5"]
[White "Bastian, H."]
[Black "Podzielny, K."]
[Result "1/2-1/2"]
[WhiteElo "2335"]
[BlackElo "2445"]
[PlyCount "86"]
[EventDate "1991.??.??"]

1. e4 g6 2. d4 Bg7 3. c3 d6 4. Bd3 Nf6 5. Nf3 O-O 6. O-O Nc6 7. Re1 Bg4 8. Nbd2
e5 9. h3 Bd7 10. Bf1 Nh5 11. Nc4 b5 12. Ne3 Rb8 13. dxe5 Nxe5 14. Nxe5 Bxe5 15.
Nd5 c6 16. Nb4 Re8 17. Nd3 Bg7 18. a4 a6 19. axb5 axb5 20. Nb4 Nf6 21. f3 d5
22. exd5 Qb6+ 23. Kh1 Rxe1 24. Qxe1 Re8 25. Qh4 c5 26. Qf2 Qd6 27. Ra6 Qe5 28.
Nd3 Qxd5 29. Nxc5 Qd1 30. Bg5 Nh5 31. Nxd7 Qxd7 32. g4 Qd5 33. h4 h6 34. gxh5
hxg5 35. hxg6 g4 36. gxf7+ Qxf7 37. Bxb5 Rd8 38. Qf1 Qe7 39. fxg4 Qxh4+ 40. Kg1
Qxg4+ 41. Qg2 Rd1+ 42. Bf1 Qxg2+ 43. Kxg2 Rd2+ 1/2-1/2

[Event "BL 9091 Solingen-München 36"]
[Site "?"]
[Date "1991.??.??"]
[Round "?.7"]
[White "Goetz, R."]
[Black "Schneider, B1."]
[Result "1/2-1/2"]
[WhiteElo "2350"]
[BlackElo "2455"]
[PlyCount "36"]
[EventDate "1991.??.??"]

1. e4 g6 2. d4 Bg7 3. c3 d6 4. Bg5 Nf6 5. Nd2 O-O 6. Ngf3 Nc6 7. Be2 h6 8. Bh4
e5 9. dxe5 Nxe5 10. Nxe5 dxe5 11. O-O Qe7 12. Qc2 Be6 13. Rfd1 Rad8 14. Qa4 Qc5
15. Kf1 Bd7 16. Qb3 Be6 17. Qa4 Bd7 18. Qb3 Be6 1/2-1/2

[Event "BL 9091 Solingen-München 36"]
[Site "?"]
[Date "1991.??.??"]
[Round "?.8"]
[White "Zysk, R."]
[Black "Reich, T."]
[Result "1-0"]
[WhiteElo "2415"]
[BlackElo "2410"]
[PlyCount "91"]
[EventDate "1991.??.??"]

1. Nf3 Nf6 2. d4 g6 3. c4 Bg7 4. g3 O-O 5. Bg2 d6 6. O-O c6 7. Nc3 Nbd7 8. d5
Nb6 9. dxc6 bxc6 10. c5 Nbd5 11. cxd6 exd6 12. Nxd5 Nxd5 13. Nd4 Bd7 14. Nxc6
Bxc6 15. Bxd5 Rc8 16. Be3 Bxd5 17. Qxd5 Rc2 18. Rab1 Rxe2 19. Rfd1 Qa8 20. Qxa8
Rxa8 21. Rxd6 Bxb2 22. Ra6 Rd8 23. Kf1 Rc2 24. Rxa7 Rd3 25. Bh6 Rd8 26. Be3 h5
27. a4 h4 28. gxh4 Rd3 29. Rb7 Bd4 30. Rd7 Rxe3 31. fxe3 Bxe3 32. Rb8+ Kg7 33.
Rb3 Rf2+ 34. Ke1 Bc5 35. Rb5 Rc2 36. Kd1 Rc4 37. a5 Bg1 38. a6 Rxh4 39. Rbb7
Ra4 40. Rxf7+ Kh6 41. a7 Ra2 42. h3 Kh5 43. Kc1 Ra1+ 44. Kb2 Bd4+ 45. Kb3 Bg1
46. Rf1 1-0

[Event "BL 9091 Dortmund-Bayern"]
[Site "?"]
[Date "1991.??.??"]
[Round "?.1"]
[White "Ribli, Z."]
[Black "Razuvaev, Y."]
[Result "1-0"]
[WhiteElo "2595"]
[BlackElo "2585"]
[PlyCount "83"]
[EventDate "1991.??.??"]

1. Nf3 Nf6 2. c4 b6 3. g3 Bb7 4. Bg2 e6 5. Nc3 Be7 6. d4 Ne4 7. Bd2 Bf6 8. O-O
O-O 9. Rc1 d5 10. cxd5 exd5 11. Qc2 Nd7 12. Rfd1 Qe7 13. Be1 c5 14. dxc5 Bxc3
15. Bxc3 bxc5 16. e3 Rac8 17. Nd2 Nxc3 18. Qxc3 Ne5 19. Qa3 Rc7 20. Re1 c4 21.
Qxe7 Rxe7 22. b3 g6 23. bxc4 dxc4 24. Bxb7 Rxb7 25. Nxc4 Nxc4 26. Rxc4 Rb2 27.
a4 a5 28. Rc5 Ra2 29. Rxa5 Rd8 30. Rc1 Rd7 31. g4 Kg7 32. Kg2 Rb7 33. h4 Rd7
34. g5 h6 35. gxh6+ Kxh6 36. h5 g5 37. Rc6+ Kxh5 38. Rf6 Kh4 39. Rb5 Re7 40.
Kf3 Kh5 41. Rb8 g4+ 42. Kg3 1-0

[Event "BL 9091 Dortmund-Bayern"]
[Site "?"]
[Date "1991.??.??"]
[Round "?.2"]
[White "Smagin, S."]
[Black "Hjartarson, J."]
[Result "1-0"]
[WhiteElo "2550"]
[BlackElo "2535"]
[PlyCount "117"]
[EventDate "1991.??.??"]

1. e4 e5 2. Nf3 Nc6 3. d4 exd4 4. Nxd4 Bc5 5. Nxc6 Qf6 6. Qd2 Qxc6 7. Bd3 Nf6
8. O-O O-O 9. b4 Bd4 10. c3 Bb6 11. c4 Bd4 12. Nc3 a5 13. Bb2 Re8 14. b5 Qd6
15. Rad1 Qe5 16. h3 c5 17. Na4 Bxb2 18. Qxb2 Qxb2 19. Nxb2 Nxe4 20. Na4 Nf6 21.
Nxc5 d6 22. Na4 Be6 23. Rfe1 Nd7 24. f4 g6 25. g4 f6 26. Bf1 Nc5 27. Rxd6 Nxa4
28. Rexe6 Rxe6 29. Rxe6 Kf7 30. Re3 Nc5 31. Bg2 Rd8 32. Bd5+ Kf8 33. g5 Rd6 34.
h4 b6 35. Kf2 f5 36. h5 Rd7 37. h6 Rd6 38. Ke2 Rd8 39. Kd2 Rd6 40. Kc3 Rd8 41.
Kd4 Rd6 42. Re5 Rd8 43. Kc3 Rd6 44. Kc2 Rd8 45. Kc3 Rd6 46. Re1 Rd8 47. Kc2 Rd6
48. Kc3 Rd8 49. Kc2 Rd6 50. Re2 Rd8 51. Kc3 Rd6 52. Kd2 Rd8 53. Kc2 Rc8 54. Bc6
Kf7 55. Re5 Kf8 56. Rxc5 bxc5 57. Kb3 Rd8 58. Ka4 Ke7 59. Bd5 1-0

[Event "BL 9091 Dortmund-Bayern"]
[Site "?"]
[Date "1991.??.??"]
[Round "?.3"]
[White "Kindermann, S."]
[Black "Mainka, R."]
[Result "1-0"]
[WhiteElo "2515"]
[BlackElo "2430"]
[PlyCount "91"]
[EventDate "1991.??.??"]

1. e4 c5 2. Nf3 d6 3. d4 cxd4 4. Nxd4 Nf6 5. Nc3 e6 6. g3 Be7 7. Bg2 O-O 8. O-O
Nc6 9. Be3 Qc7 10. Qe2 a6 11. a4 Re8 12. h3 Rb8 13. Nb3 b6 14. f4 Na5 15. Nd2
Bf8 16. Qf2 d5 17. e5 Nd7 18. Rfc1 f6 19. f5 Nxe5 20. fxe6 Bxe6 21. Nxd5 Bxd5
22. Bxd5+ Kh8 23. Kh2 Bc5 24. Bxc5 bxc5 25. b3 Rbd8 26. Bg2 Nac6 27. Ne4 Nd4
28. Re1 f5 29. Nc3 Qf7 30. Kg1 Ng6 31. Nd5 h6 32. Rxe8+ Rxe8 33. Re1 Rxe1+ 34.
Qxe1 Nxc2 35. Qc3 Nd4 36. Qxc5 Ne2+ 37. Kf2 Qe6 38. Qe3 Qxe3+ 39. Kxe3 Nxg3 40.
b4 f4+ 41. Nxf4 Nf5+ 42. Ke4 Nd6+ 43. Kd5 Nxf4+ 44. Kxd6 Nxg2 45. b5 axb5 46.
axb5 1-0

[Event "BL 9091 Dortmund-Bayern"]
[Site "?"]
[Date "1991.??.??"]
[Round "?.4"]
[White "Paehtz, T."]
[Black "Bischoff, K."]
[Result "0-1"]
[WhiteElo "2455"]
[BlackElo "2495"]
[PlyCount "106"]
[EventDate "1991.??.??"]

1. d4 Nf6 2. c4 e6 3. Nc3 Bb4 4. e3 b6 5. Nge2 Ba6 6. a3 Bxc3+ 7. Nxc3 d5 8.
Qf3 O-O 9. g4 c6 10. g5 Ne8 11. cxd5 cxd5 12. e4 Bxf1 13. Kxf1 Nc6 14. Be3 dxe4
15. Qxe4 Ne7 16. Rd1 Nc7 17. h4 Ncd5 18. Nxd5 Nxd5 19. Rh3 Qd7 20. Kg2 Rac8 21.
Rf3 Qb5 22. Bc1 Qa4 23. Re1 Qc2 24. Qxc2 Rxc2 25. Rb3 Rfc8 26. Be3 Kf8 27. Kf3
Ke7 28. Re2 Kd7 29. Rxc2 Rxc2 30. Ke4 Re2 31. Kf3 Re1 32. Rd3 Rh1 33. Kg3 Ne7
34. Bf4 Nd5 35. Be3 f5 36. gxf6 gxf6 37. Rd2 h5 38. Rc2 Rg1+ 39. Kh3 Re1 40.
Bh6 Rd1 41. Bd2 Rh1+ 42. Kg3 Rg1+ 43. Kh3 Rg4 44. Rc4 Re4 45. f3 Re2 46. Bc1
Ke7 47. Rc8 Kf7 48. b4 a6 49. Kg3 Kg6 50. Ra8 Re1 51. Rc8 Rd1 52. Rc4 b5 53.
Rc6 Ne7 0-1

[Event "BL 9091 Dortmund-Bayern"]
[Site "?"]
[Date "1991.??.??"]
[Round "?.5"]
[White "Hertneck, G."]
[Black "Keitlinghaus, L."]
[Result "1-0"]
[WhiteElo "2535"]
[BlackElo "2400"]
[PlyCount "63"]
[EventDate "1991.??.??"]

1. Nf3 e6 2. c4 f5 3. g3 Nf6 4. Bg2 Be7 5. O-O O-O 6. d3 d5 7. Nc3 Nc6 8. cxd5
exd5 9. Bg5 h6 10. Bxf6 Bxf6 11. Qb3 Ne7 12. e4 Bxc3 13. bxc3 Kh7 14. exd5 Nxd5
15. d4 Be6 16. c4 Nb6 17. d5 Bg8 18. Rac1 Qf6 19. Rfd1 Rfd8 20. a4 Rab8 21. Qa3
c6 22. a5 Nc8 23. dxc6 Rxd1+ 24. Rxd1 bxc6 25. Qc5 Rb7 26. Ne5 Ne7 27. a6 Rc7
28. f4 g5 29. Rd6 Qg7 30. Kf2 gxf4 31. gxf4 Qf8 32. Rxc6 1-0

[Event "BL 9091 Dortmund-Bayern"]
[Site "?"]
[Date "1991.??.??"]
[Round "?.6"]
[White "Thesing, M."]
[Black "Boensch, U."]
[Result "0-1"]
[WhiteElo "2405"]
[BlackElo "2470"]
[PlyCount "86"]
[EventDate "1991.??.??"]

1. e4 c5 2. Nc3 Nc6 3. Bb5 Nd4 4. a4 g6 5. Nge2 Bg7 6. O-O e6 7. Nxd4 cxd4 8.
Ne2 Ne7 9. c3 a6 10. Bd3 Nc6 11. f4 O-O 12. Kh1 d6 13. Qe1 Bd7 14. Qf2 Rc8 15.
Ra3 Qf6 16. b4 dxc3 17. dxc3 Rfe8 18. Kg1 Qe7 19. Qb6 Nd8 20. b5 d5 21. e5 axb5
22. axb5 f6 23. Ra2 Qc5+ 24. Qxc5 Rxc5 25. exf6 Bxf6 26. Be3 Rc8 27. Bd4 Bxd4+
28. cxd4 Nf7 29. Ra3 Nd6 30. Ra7 Ra8 31. Rfa1 Rxa7 32. Rxa7 Rb8 33. Nc3 Rc8 34.
Ne2 Kf7 35. Kf2 Rc7 36. Ra5 h5 37. h4 Kf6 38. g3 b6 39. Ra3 Bxb5 40. Bxb5 Nxb5
41. Rb3 Nd6 42. Rxb6 Ne4+ 43. Ke3 Ra7 0-1

[Event "BL 9091 Dortmund-Bayern"]
[Site "?"]
[Date "1991.??.??"]
[Round "?.8"]
[White "Buecker, S."]
[Black "Schlosser, P."]
[Result "0-1"]
[WhiteElo "2345"]
[BlackElo "2465"]
[PlyCount "82"]
[EventDate "1991.??.??"]

1. e4 c5 2. Nc3 Nc6 3. g3 g6 4. Bg2 Bg7 5. d3 d6 6. f4 e6 7. Nf3 Nge7 8. O-O
O-O 9. Be3 Rb8 10. Qd2 Nd4 11. Rae1 b5 12. e5 Nef5 13. Bf2 Bb7 14. Ne4 Nxf3+
15. Bxf3 Qc7 16. exd6 Nxd6 17. c3 Rfd8 18. Qe3 Bxe4 19. Bxe4 Rbc8 20. a3 a5 21.
Bg2 b4 22. axb4 axb4 23. cxb4 cxb4 24. Rc1 Qb8 25. Rxc8 Rxc8 26. d4 Nf5 27. Qe4
Rd8 28. Ra1 Bxd4 29. Bxd4 Nxd4 30. Qb7 Qd6 31. h4 Nf5 32. Ra7 Rf8 33. Kh2 Qd4
34. Ra4 Qf2 35. Qf3 Qxb2 36. Qe4 b3 37. Rb4 Qc3 38. h5 Qxg3+ 39. Kg1 Rd8 40.
Qe2 Ne3 41. Rxb3 Rd1+ 0-1

[Event "BL 9091 Frankfurt-Porz"]
[Site "?"]
[Date "1991.??.??"]
[Round "?.1"]
[White "Christiansen, L."]
[Black "Khalifman, A."]
[Result "1/2-1/2"]
[WhiteElo "2590"]
[BlackElo "2640"]
[PlyCount "130"]
[EventDate "1991.??.??"]

1. d4 Nf6 2. c4 e6 3. Nf3 b6 4. g3 Bb7 5. Bg2 Be7 6. Nc3 Ne4 7. Bd2 Bf6 8. Qc2
Nxd2 9. Qxd2 d6 10. O-O O-O 11. Rad1 Nd7 12. e4 g6 13. Rfe1 Bg7 14. h4 Qe7 15.
h5 Rad8 16. Bh3 a6 17. d5 Ne5 18. Nxe5 Bxe5 19. Ne2 Bc8 20. hxg6 hxg6 21. Nc1
Bg7 22. Nd3 exd5 23. exd5 Qf6 24. Bxc8 Rxc8 25. Re4 Rfe8 26. Qe2 Rxe4 27. Qxe4
Qd4 28. Re1 Qxe4 29. Rxe4 Kf8 30. Kg2 Re8 31. Rxe8+ Kxe8 32. Kf3 Ke7 33. Nb4
Bxb2 34. Nxa6 Kd8 35. Nb4 Bc3 36. Nc6+ Kd7 37. g4 Bf6 38. Ke4 Bg7 39. f3 Ke8
40. Kd3 Ba1 41. Kc2 Kd7 42. Kb3 Kc8 43. Kb4 Bf6 44. Kb5 Kb7 45. f4 Bh4 46. f5
gxf5 47. gxf5 Bf6 48. a4 Bg5 49. a5 bxa5 50. Nxa5+ Kc8 51. Kc6 Be3 52. Kb5 Bg5
53. Ka6 Bd2 54. Nc6 Be3 55. Nb4 Bc5 56. Nc6 Be3 57. Kb5 Kd7 58. Kb4 Bg5 59. Kc3
Bf6+ 60. Kd3 Kc8 61. Na5 Bg5 62. Ke4 Kb8 63. Nb3 Kc8 64. Kf3 Kb7 65. Kg4 Be3
1/2-1/2

[Event "BL 9091 Frankfurt-Porz"]
[Site "?"]
[Date "1991.??.??"]
[Round "?.3"]
[White "Lutz, C."]
[Black "Gutman, L."]
[Result "1-0"]
[WhiteElo "2500"]
[BlackElo "2445"]
[PlyCount "61"]
[EventDate "1991.??.??"]

1. d4 Nf6 2. c4 g6 3. Nc3 Bg7 4. e4 O-O 5. Nf3 c6 6. e5 Ne8 7. Be2 d6 8. Bf4
dxe5 9. Nxe5 Nd6 10. Qd2 Nf5 11. Rd1 Na6 12. h3 Nc7 13. d5 cxd5 14. cxd5 Ne8
15. O-O Bd7 16. Ne4 Nfd6 17. Nc5 Bc8 18. Rfe1 Nf6 19. Bf3 a5 20. Qe3 a4 21. Rc1
Ra5 22. Qd2 Nfe8 23. Ncd7 f6 24. Nxf8 fxe5 25. Rxc8 Qxc8 26. Qxa5 Nc4 27. Qxa4
Nxb2 28. Qb3 Kxf8 29. Be3 Nc4 30. Rc1 Ned6 31. a4 1-0

[Event "BL 9091 Frankfurt-Porz"]
[Site "?"]
[Date "1991.??.??"]
[Round "?.4"]
[White "Tischbierek, R."]
[Black "Schmittdiel, E."]
[Result "1/2-1/2"]
[WhiteElo "2500"]
[BlackElo "2485"]
[PlyCount "82"]
[EventDate "1991.??.??"]

1. e4 e6 2. d4 d5 3. Nc3 Nf6 4. Bg5 Be7 5. e5 Nfd7 6. Bxe7 Qxe7 7. f4 a6 8. Nf3
b5 9. Qd2 b4 10. Ne2 a5 11. a3 Nb6 12. Ng3 Ba6 13. f5 bxa3 14. bxa3 Bxf1 15.
Rxf1 N8d7 16. Nh5 Rg8 17. fxe6 fxe6 18. Qg5 Nc4 19. Ke2 c5 20. Qxe7+ Kxe7 21.
Ng5 Raf8 22. Nf4 cxd4 23. Ngxe6 Rf5 24. Nxd4 Rxe5+ 25. Kf2 Kd6 26. Nd3 Re4 27.
Nb5+ Kc6 28. Nc3 Rf8+ 29. Kg1 Rxf1+ 30. Rxf1 Re7 31. a4 Nc5 32. Rf8 Nb6 33.
Nxc5 Kxc5 34. Kf2 d4 35. Rf5+ Kb4 36. Ne2 Kxa4 37. Nxd4 Rc7 38. Ke2 Nc4 39. Kd3
Nb2+ 40. Kd2 Nc4+ 41. Kd3 Nb2+ 1/2-1/2

[Event "BL 9091 Frankfurt-Porz"]
[Site "?"]
[Date "1991.??.??"]
[Round "?.5"]
[White "Knaak, R."]
[Black "Werner, D."]
[Result "0-1"]
[WhiteElo "2515"]
[BlackElo "2395"]
[PlyCount "122"]
[EventDate "1991.??.??"]

1. d4 d6 2. Nf3 Bg4 3. c4 c6 4. Qb3 Qb6 5. Qxb6 axb6 6. Nc3 Nd7 7. e3 Ngf6 8.
Be2 e6 9. e4 e5 10. Be3 Bxf3 11. Bxf3 exd4 12. Bxd4 Be7 13. O-O O-O 14. Bd1 Nc5
15. Bc2 Nfd7 16. f4 Rfe8 17. Rad1 Ra6 18. Rf3 Nf6 19. b4 Ne6 20. Bf2 Ng4 21.
Be1 Bf6 22. Rxd6 Nd4 23. Bb3 Nxf3+ 24. gxf3 Be7 25. Rd3 Nf6 26. b5 Raa8 27. Bf2
Red8 28. Rxd8+ Rxd8 29. Ne2 cxb5 30. cxb5 Bc5 31. e5 Nd5 32. Kf1 Bxf2 33. Kxf2
Nb4 34. Ke3 Rd3+ 35. Ke4 g6 36. h4 Kf8 37. Nd4 Rd2 38. a3 Na2 39. f5 gxf5+ 40.
Nxf5 Nc3+ 41. Ke3 Rb2 42. Bc4 Nxb5 43. a4 Nc7 44. Nd6 Ne6 45. f4 Rh2 46. f5
Rh3+ 47. Kf2 Nd8 48. e6 Rxh4 49. Kg3 Rd4 50. Nc8 fxe6 51. fxe6 Nc6 52. Nxb6 Ne7
53. a5 Kg7 54. Kf3 Kf6 55. Ke3 Nf5+ 56. Kf3 Ke5 57. Ke2 Rg4 58. Nd7+ Kd6 59.
Bd3 Nd4+ 60. Ke3 Nxe6 61. Bf5 Rg5 0-1

[Event "BL 9091 Frankfurt-Porz"]
[Site "?"]
[Date "1991.??.??"]
[Round "?.6"]
[White "Kohlweyer, B."]
[Black "Vogt, L."]
[Result "1-0"]
[WhiteElo "2365"]
[BlackElo "2510"]
[PlyCount "111"]
[EventDate "1991.??.??"]

1. d4 Nf6 2. c4 g6 3. Nc3 Bg7 4. e4 d6 5. f3 O-O 6. Be3 e5 7. d5 c6 8. Bd3 b5
9. a3 bxc4 10. Bxc4 c5 11. b4 Nbd7 12. Nge2 Nh5 13. Qd2 Nf4 14. O-O Nb6 15. Bb3
Nxe2+ 16. Qxe2 cxb4 17. axb4 Bd7 18. Rfc1 Qb8 19. Bc2 Bf6 20. Bd3 Bd8 21. Bb5
Bxb5 22. Nxb5 Nc8 23. Rc6 Bb6 24. Bxb6 axb6 25. Rac1 Na7 26. Qc4 Nxc6 27. dxc6
Qd8 28. c7 Qg5 29. Rd1 Qe3+ 30. Kf1 Kg7 31. Nxd6 b5 32. Qd5 Qc3 33. Qc5 Qxc5
34. bxc5 Kf6 35. Rb1 Rfc8 36. Nxc8 Rxc8 37. Rxb5 Rxc7 38. Ke2 Ra7 39. Kd3 Ke6
40. Rb2 Ra4 41. Rb6+ Kd7 42. Rd6+ Ke7 43. Kc3 Ra1 44. Rd2 f5 45. Kc4 fxe4 46.
fxe4 Ke6 47. Rd6+ Ke7 48. Rd2 Ke6 49. c6 h5 50. Kc5 Rc1+ 51. Kb6 Rb1+ 52. Ka6
Ke7 53. Rd5 Rb2 54. c7 Rc2 55. Kb7 Rb2+ 56. Kc6 1-0

[Event "BL 9091 Frankfurt-Porz"]
[Site "?"]
[Date "1991.??.??"]
[Round "?.8"]
[White "Degenhardt, H."]
[Black "Schoen, W."]
[Result "1/2-1/2"]
[WhiteElo "2325"]
[BlackElo "2390"]
[PlyCount "62"]
[EventDate "1991.??.??"]

1. g3 g6 2. Bg2 Bg7 3. e4 c5 4. Nc3 Nc6 5. d3 d6 6. f4 e6 7. Nf3 Nge7 8. O-O
O-O 9. Be3 b6 10. Qd2 d5 11. Bf2 dxe4 12. dxe4 Qxd2 13. Nxd2 Ba6 14. Rfd1 e5
15. Nf1 Rad8 16. Ne3 Nd4 17. Kh1 h5 18. Rd2 Bh6 19. Ncd5 Nxd5 20. Nxd5 Bb7 21.
Be3 Bxd5 22. exd5 Nf5 23. Re2 exf4 24. Bxf4 Bxf4 25. gxf4 Rfe8 26. Rae1 Kf8 27.
Re5 Nd6 28. Bf1 Rc8 29. c4 Rc7 30. Bd3 Rce7 31. b3 f5 1/2-1/2

[Event "BL 9091 Heidelberg-Koblenz"]
[Site "?"]
[Date "1991.??.??"]
[Round "?.1"]
[White "Dizdar, G."]
[Black "Steinbacher, M."]
[Result "1/2-1/2"]
[WhiteElo "2535"]
[BlackElo "2370"]
[PlyCount "88"]
[EventDate "1991.??.??"]

1. Nf3 c5 2. c4 Nc6 3. Nc3 Nd4 4. e3 Nxf3+ 5. Qxf3 g6 6. b3 Bg7 7. Bb2 d6 8. g3
Rb8 9. Bg2 Bd7 10. O-O Bc6 11. e4 f5 12. Qe2 Nh6 13. d3 O-O 14. f4 Qd7 15. Nd5
e6 16. Ne3 Rbe8 17. Rad1 e5 18. fxe5 Bxe5 19. Bxe5 Rxe5 20. Qd2 fxe4 21. Rxf8+
Kxf8 22. dxe4 Nf7 23. Rf1 h5 24. Nd1 Kg7 25. Qc3 Qe7 26. Nf2 Kg8 27. h4 Re6 28.
Nh3 Rxe4 29. Rxf7 Qxf7 30. Ng5 Qf5 31. Nxe4 Bxe4 32. Qe3 Bxg2 33. Qe8+ Kg7 34.
Kxg2 Qe5 35. Qd7+ Kf6 36. Qxb7 Qe2+ 37. Kh3 Qg4+ 38. Kh2 Qe2+ 39. Kh3 Qxa2 40.
Qf3+ Kg7 41. Qb7+ Kf6 42. Qf3+ Kg7 43. Qb7+ Kh6 44. Qb8 Qa1 1/2-1/2

[Event "BL 9091 Heidelberg-Koblenz"]
[Site "?"]
[Date "1991.??.??"]
[Round "?.2"]
[White "Neurohr, S."]
[Black "Brueckner, T."]
[Result "1/2-1/2"]
[WhiteElo "2335"]
[BlackElo "2405"]
[PlyCount "41"]
[EventDate "1991.??.??"]

1. d4 d5 2. c4 e6 3. Nc3 Be7 4. Nf3 Nf6 5. Bg5 h6 6. Bxf6 Bxf6 7. e3 O-O 8. Rc1
a6 9. Bd3 dxc4 10. Bxc4 Nd7 11. a4 c5 12. O-O Qa5 13. Qd3 Rd8 14. Rfd1 cxd4 15.
exd4 Ne5 16. Nxe5 Bxe5 17. Qe3 Bf6 18. Ne4 Be7 19. Nc3 Bf6 20. Ne4 Be7 21. Nc3
1/2-1/2

[Event "BL 9091 Heidelberg-Koblenz"]
[Site "?"]
[Date "1991.??.??"]
[Round "?.3"]
[White "Doncevic, D."]
[Black "Ostl, A."]
[Result "1/2-1/2"]
[WhiteElo "2345"]
[BlackElo "2325"]
[PlyCount "62"]
[EventDate "1991.??.??"]

1. e4 g6 2. d4 Bg7 3. Nc3 d6 4. f4 b6 5. Nf3 Bb7 6. Bd3 e6 7. O-O Ne7 8. f5
exf5 9. exf5 Nd7 10. Bg5 O-O 11. Bc4 Bf6 12. fxg6 hxg6 13. Qd2 Nf5 14. Nd5 Bxg5
15. Nxg5 c6 16. Nc3 d5 17. Bd3 Nxd4 18. Qf4 f5 19. Qh4 Qe7 20. Rae1 Qg7 21. Ne2
Nxe2+ 22. Rxe2 Nc5 23. Ne6 Qf6 24. Qxf6 Rxf6 25. Nxc5 bxc5 26. Re7 Rf7 27. Re6
c4 28. Be2 Kg7 29. Rf3 Raf8 30. Ra3 a6 31. b3 cxb3 1/2-1/2